Religion Quiz

Random Religion or Islam Quiz

Majority Muslim Countries Quiz Stats

 Plays Quiz Updated Jun 6, 2013

Challenge
Share
Tweet
Embed
Score 0/49 Timer 06:00
15 Plays Today
% of pop. Country % Correct
98Iran
96.3%
97Iraq
96%
100Saudi Arabia
93.7%
90Egypt
92.3%
96.4Pakistan
91.8%
99.8Turkey
87.7%
99Afghanistan
87.6%
96United Arab Emirates
85.2%
99Yemen
84.7%
90Syria
84.1%
99Morocco
83.4%
75Oman
82.5%
97Libya
81.9%
97Sudan
79.9%
92Jordan
79.9%
99Algeria
78.2%
86.1Indonesia
77.4%
77.5Qatar
76.2%
85Kuwait
76.1%
59.7Lebanon
75.9%
100Somalia
73.9%
80Niger
73.8%
98Tunisia
73.7%
89Turkmenistan
72%
88Uzbekistan
70.3%
% of pop. Country % Correct
53.1Chad
69.9%
70.2Kazakhstan
69.2%
50Nigeria
69%
90Tajikistan
64.4%
94.8Mali
64.2%
81.2Bahrain
64.2%
75Kyrgyzstan
61.7%
93.4Azerbaijan
61.6%
60.4Malaysia
60.2%
89.5Bangladesh
57.2%
75Palestine
56.1%
94Djibouti
54.5%
100Mauritania
54.2%
94Senegal
49.2%
70Albania
43.7%
67Brunei
41.9%
85Guinea
41.4%
90The Gambia
40.6%
60.5Burkina Faso
39.9%
50Bosnia and Herzegovina
38.4%
100Maldives
38.2%
60Sierra Leone
37%
90Kosovo
34.9%
98Comoros
34.6%

You're not logged in!

Compare scores with friends on all Sporcle quizzes.
OR
Log In

You Might Also Like...

Show Comments

Extras

Top Quizzes Today


Score Distribution

Your Account Isn't Verified!

In order to create a playlist on Sporcle, you need to verify the email address you used during registration. Go to your Sporcle Settings to finish the process.

Report this User

Report this user for behavior that violates our Community Guidelines.

Details: